00379nam a2200157Ia 45000010006000000050017000060080041000230410008000640820015000721000024000872450057001112600009001683000028001776500008002056540008002132388820260414151007.0260414t2013||||xx |||||||||||||| ||spa|| aESP a720.8bP23 aPanero, JuliuseAUT 0aLas dimensiones humanas en los espacios interioresb c2013 a320 páginas :c30 cm. aABD aCAU